000 00760cam a2200217 a 4500
001 000007134
005 20200929154057.0
008 750319s1971 sp ac 000 0 spa
040 _aDO-SdBNP
_bspa
_cNIC
_dBNPHU
082 _a923.9
_bL864S
100 1 _aSanz y Díaz, José,
_d1907-1988.
_919789
245 1 0 _aLópez de Legazpi :
_bFundador de Manila, 1571-1971 /
_cJosé Sanz y Díaz.
260 _aMadrid, (España) :
_bPublicaciones Españolas,
_c1971.
300 _a79 p. :
_bil., retrs. ;
_c21 cm.
490 1 _aTemas españoles
_v519
600 1 4 _aLEGAZPI, MIGUEL LÓPEZ DE,
_d1510?-1572.
_919790
651 4 _aFilipinas
_xHistoria
_y1521-1812.
_919791
830 0 _aTemas españoles ;
_v519
_919792
910 _aCatalogación por copia / LC
049 _aBNGR
999 _c6915
_d6915